Nové prístupy v uplatnení manažmentu rizika: výzva pre slovenské podniky po vstupe do EÚ

Salvato in:
Dettagli Bibliografici
Autore principale: Varcholová, Tatiana
Natura: Capitolo di libro
Lingua:slovacco
Tags: Aggiungi Tag
Nessun Tag, puoi essere il primo ad aggiungerne!!

MARC

LEADER 00000naa$a2200000$$$4500
001 0064614
005 20240502083156.1
041 0 |a slo 
044 |a CZ 
245 1 0 |a Nové prístupy v uplatnení manažmentu rizika: výzva pre slovenské podniky po vstupe do EÚ  |c Tatiana Varcholová 
100 1 |a Varcholová, Tatiana